000 00939nam a2200241 i 4500
001 bg
100 1 _aLEJDY, Brunon
245 1 0 _aInstalacje elektryczne w obiektach budowlanych /
_cBrunon Lejdy.
260 _aWarszawa :
_bWydawnictwa Naukowo-Techniczne,
_c2003.
300 _a405, [1] s. :
_bil. ;
_c25 cm.
504 _aBibliogr. Indeks.
521 _aDla uczniów liceów o profilu elektrycznym, studentów wydz. elektrycznych wyższych szkół technicznych oraz dla inżynierów i techników zajmujących się projektowaniem, wykonawstwem i eksploatacją instalacji elektrycznych.
650 9 _aInstalacje elektryczne
655 _aPodręczniki
020 _a8320428211
040 _cBPK
041 0 _apol
080 _a696(07)
920 _a83-204-2821-1
942 _cKS
008 s pl f |000 0 pol
999 _c44716
_d44716
856 _uhttp://koha.tu.koszalin.pl/cgi-bin/koha/opac-detail.pl?biblionumber=44716
_yKatalog online BPK